ბათუმის შოთა რუსთაველის სახელმწიფო უნივერსიტეტის ბიბლიოთეკა

პოემები. (ბიბ.ჩანაწერი № 41768)

000 -LEADER
fixed length control field 00568nam a2200217Ia 4500
001 - CONTROL NUMBER
control field 8449
003 - CONTROL NUMBER IDENTIFIER
control field GE_BSU
008 - FIXED-LENGTH DATA ELEMENTS--GENERAL INFORMATION
fixed length control field 181216s||||||||xx |||||||||||||| ||und||
040 ## - CATALOGING SOURCE
Transcribing agency GE_BSU
080 ## - UNIVERSAL DECIMAL CLASSIFICATION NUMBER
Universal Decimal Classification number 821.353.1-11
100 ## - MAIN ENTRY--PERSONAL NAME
Personal name ეული, სანდრო
245 ## - TITLE STATEMENT
Title პოემები.
250 ## - EDITION STATEMENT
Edition statement ცეკავშირის სტ.
260 ## - PUBLICATION, DISTRIBUTION, ETC.
Place of publication, distribution, etc. ტფილისი.
260 ## - PUBLICATION, DISTRIBUTION, ETC.
Name of publisher, distributor, etc. ფედერაცია.
260 ## - PUBLICATION, DISTRIBUTION, ETC.
Date of publication, distribution, etc. 1933
300 ## - PHYSICAL DESCRIPTION
Extent 163 გვ; 18 სმ.
300 ## - PHYSICAL DESCRIPTION
Other physical details სურ;
653 ## - INDEX TERM--UNCONTROLLED
Uncontrolled term პოემები.
942 ## - ADDED ENTRY ELEMENTS (KOHA)
Koha item type წიგნი
ეგზემპლარები
Withdrawn status Lost status Damaged status Not for loan Date acquired Barcode Date last seen Price effective from Koha item type
        2018-12-17 30574 2018-12-17 2018-12-17 წიგნი
        2018-12-17 30575 2018-12-17 2018-12-17 წიგნი
        2018-12-17 30576 2018-12-17 2018-12-17 წიგნი
        2018-12-17 30577 2018-12-17 2018-12-17 წიგნი